[Event "Quebec Montcalm op 1 2012-13"]
[Site "Quebec"]
[Date "2012.09.27"]
[Round "4"]
[White "Cote, Rejean"]
[Black "Boulianne, Gabriel"]
[Result "0-1"]
[WhiteElo "1699"]
[BlackElo "1770"]
[PlyCount "48"]
[EventDate "2012.09.06"]
[EventType "swiss"]
[EventRounds "5"]
[EventCountry "CAN"]
[SourceTitle "EXT 2022"]
[Source "ChessBase"]
[SourceDate "2021.10.06"]
[SourceVersion "1"]
[SourceVersionDate "2021.10.06"]
[SourceQuality "1"]

1. c4 Nf6 2. Nc3 e5 3. d3 Bb4 4. a3 Bxc3+ 5. bxc3 0-0 6. Bg5 h6 7. Bxf6 Qxf6 8. e4 c5 9. Nf3 Nc6 10. g3 d6 11. Nh4 g5 12. Qf3 Qxf3 13. Nxf3 f5 14. Nd2 f4 15. Bg2 Rf7 16. f3 Bd7 17. Ke2 h5 18. Rag1 b6 19. Nf1 g4 20. h3 Raf8 21. hxg4 hxg4 22. Nd2 fxg3 23. Rf1 Nd8 24. fxg4 Rf2+ 0-1